Informe General sobre los Ferrocarriles en explotación de Chile. Presentado al Supremo Gobierno, en conformidad a lo dispuesto en el art. 8§ de la Ley de 4 de enero de 1884, por la Comisión Inspectora compuesta de los señores E. Villarino y R. Sánchez
保存先:
| 主要な著者: | , |
|---|---|
| 団体著者: | |
| フォーマット: | 図書 |
| 言語: | スペイン語 |
| 出版事項: |
Santiago
Imprenta de Los Debates
1890
|
| 版: | 1a. ed |
| 主題: | |
| タグ: |
タグ追加
タグなし, このレコードへの初めてのタグを付けませんか!
|
MARC
| LEADER | 00000nam a2200000 a 4500 | ||
|---|---|---|---|
| 001 | UCJ6005 | ||
| 003 | CL-VaPUC | ||
| 008 | 070124e18900000CL |||||||||||||||||spa|d | ||
| 082 | 0 | 4 | |a 983 |b VIL |2 21 |
| 100 | 0 | |a Villarino, Emilio |e author |9 512133 | |
| 700 | 0 | |a Sánchez, R. |e author |9 512134 | |
| 110 | 2 | |a Ferrocarriles del Estado |e author |9 512135 | |
| 245 | 1 | 0 | |a Informe General sobre los Ferrocarriles en explotación de Chile. Presentado al Supremo Gobierno, en conformidad a lo dispuesto en el art. 8§ de la Ley de 4 de enero de 1884, por la Comisión Inspectora compuesta de los señores E. Villarino y R. Sánchez |
| 246 | 1 | 0 | |a Ferrocarril de Valdivia a Pichi Ropulli: Bases que servirán de propuestas de terminación de dicho ferrocarril |
| 250 | |a 1a. ed | ||
| 300 | |a 175 p | ||
| 942 | |c BK | ||
| 945 | |d 20070124 00:00:00 |a rinostro | ||
| 260 | |a Santiago |b Imprenta de Los Debates |c 1890 | ||
| 500 | |a Ilustraciones sin indizar. Empastado junto a otras monografías de temas variados en un volumen rotulado Ferrocarriles, Folletos, el cual se ubica en 983 VIL | ||
| 650 | 0 | |a Ferrocarriles |9 260933 | |
| 650 | 0 | |a Obras públicas |9 261125 | |
| 650 | 7 | |a PASAJES |2 CL-VaPUC |9 512136 | |
| 650 | 7 | |a FLETES |2 CL-VaPUC |9 261131 | |
| 650 | 0 | |a Costos |9 261063 | |
| 650 | 0 | |a Ingeniería |9 259380 | |
| 650 | 0 | |a Puentes |9 268175 | |
| 650 | 7 | |a TUNELES |2 CL-VaPUC |9 260490 | |
| 650 | 7 | |a TELEGRAFO |2 CL-VaPUC |9 375918 | |
| 650 | 7 | |a LOCOMOTORAS |2 CL-VaPUC |9 364542 | |
| 650 | 0 | |a Administración |9 259325 | |
| 650 | 0 | |a Ilustraciones |9 369481 | |
| 650 | 0 | |a Historia de Chile |9 265473 | |
| 651 | 0 | |a Valdivia (Chile) |9 268941 | |
| 651 | 7 | |a PICHI ROPULLI |2 CL-VaPUC |9 512137 | |
| 583 | |a last modification |c 20070124 00:00:00 |k Rodrigo Vera | ||
| 999 | |c 322113 |d 322111 | ||
| 952 | |0 0 |1 0 |4 0 |6 983_000000000000000_VIL_1890 |7 0 |8 X |9 401032 |a FDOBUD |b FDOBUD |d 2019-11-22 |i 1042556 |o 983 VIL 1890 |p 1042556 |r 2019-11-22 |w 2019-11-22 |y BK_X |k BUD | ||